Sports Quiz

Random Sports or Basketball Quiz

Name the Basketball Shots Quiz Stats

 Plays Quiz not verified by Sporcle

Score 0/16 Timer 06:00
0 Plays Today
% Correct
???
92.6%
???
90.4%
???
85.1%
???
85.1%
???
85.1%
???
76.6%
???
55.3%
???
54.3%
% Correct
???
44.7%
???
44.7%
???
44.7%
???
43.6%
???
34%
???
29.8%
???
23.4%
???
17%

You're not logged in!

Compare scores with friends on all Sporcle quizzes.
OR
Log In

Sporcle TV

Today on Sporcle TV


Watch our educational content, quiz creation guides, and fun videos on Sporcle TV.

Show Comments

Extras

Created Dec 11, 2014ReportNominate
Tags:Basketball Quiz, shot

Top Quizzes Today


Score Distribution

Your Account Isn't Verified!

In order to create a playlist on Sporcle, you need to verify the email address you used during registration. Go to your Sporcle Settings to finish the process.

Report this User

Report this user for behavior that violates our Community Guidelines.

Details: